00000000nam 2200000za 4500
0019.657907
003CaOODSP
00520250121145111
007ta
008150407|1996||||xxc|||||     f|0| 0 eng d
020 |a0-7748-0565-X
040 |aCaOODSP|beng
041 |aeng
041 |afre
043 |an-cn---
0861 |aSN3-302/1996
1101 |aCanada.|bNational Library of Canada.
24510|aCanadian reference sources: an annotated bibliography : |bgeneral reference works, history, humanities / |cby Mary E. Bond and Martine M. Caron.
260 |aOttawa - Ontario : |bNational Library of Canada |c1996.
300 |axvi, 1076p. ; |c27 cm.
500 |a"This bibliography includes reference sources of all types, in various formats, about Canada. Canadian and foreign publications which describe Canadian people, institutions, organizations, publications, art, literature, languages, history, etc., are cited and annotated. Sources published in Canada or of Canadian authorship but on non-Canadian subjects are excluded. The items listed are generally published and available in at least one Canadian library."--Introduction. Published by UBC Press in cooperation with the National Library of Canada and Canada Communication Group -- Publishing.
5203 |aThis bibliography includes reference sources of all types, in various formats, about Canada. Canadian and foreign publications which describe Canadian people, institutions, organizations, publications, art, literature, languages, history, etc., are cited and annotated. Sources published in Canada or of Canadian authorship but on non-Canadian subjects are excluded. The items listed are generally published and available in at least one Canadian library.--Introduction
546 |aBilingual
563 |aClothbound
590 |a96-26|b1996-06-28
69007|aBibliographies|2gcpds
7201 |aBond, Mary E.
7201 |aCaron, Martine M.
7760#|tCanadian reference sources : |w(CaOODSP)9.947217
792 |tOuvrages de référence canadiens: une bibliographie annotée : |efre|w(CaOODSP)9.657908